ბათუმის შოთა რუსთაველის სახელმწიფო უნივერსიტეტის ბიბლიოთეკა

ვისი სული გსურს (ბიბ.ჩანაწერი № 49147)

000 -LEADER
fixed length control field 00842nam a2200229Ia 4500
001 - CONTROL NUMBER
control field 16057
003 - CONTROL NUMBER IDENTIFIER
control field GE_BSU
008 - FIXED-LENGTH DATA ELEMENTS--GENERAL INFORMATION
fixed length control field 181216s||||||||xx |||||||||||||| ||und||
040 ## - CATALOGING SOURCE
Transcribing agency GE_BSU
080 ## - UNIVERSAL DECIMAL CLASSIFICATION NUMBER
Universal Decimal Classification number 616-053.2(479.22)(092)
100 ## - MAIN ENTRY--PERSONAL NAME
Personal name ჯაფარიძე, ნუგზარ
245 ## - TITLE STATEMENT
Title ვისი სული გსურს
245 ## - TITLE STATEMENT
Remainder of title მოთხრობა ბავშვთა ექიმ ვ. დიასამიძეზე
245 ## - TITLE STATEMENT
Statement of responsibility, etc. რედ.რ.სურმანიძე.
260 ## - PUBLICATION, DISTRIBUTION, ETC.
Place of publication, distribution, etc. ბათუმი
260 ## - PUBLICATION, DISTRIBUTION, ETC.
Name of publisher, distributor, etc. საბჭ. აჭარა
260 ## - PUBLICATION, DISTRIBUTION, ETC.
Date of publication, distribution, etc. 1985
300 ## - PHYSICAL DESCRIPTION
Extent 45გვ. : ილ. ; 17სმ.
653 ## - INDEX TERM--UNCONTROLLED
Uncontrolled term ვისი სული გსურს
653 ## - INDEX TERM--UNCONTROLLED
Uncontrolled term მოთხრობა ბავშვთა ექიმ ვ. დიასამიძეზე
942 ## - ADDED ENTRY ELEMENTS (KOHA)
Koha item type წიგნი
ეგზემპლარები
Withdrawn status Lost status Damaged status Not for loan Date acquired Barcode Date last seen Price effective from Koha item type
        2018-12-17 39777 2018-12-17 2018-12-17 წიგნი
        2018-12-17 39778 2018-12-17 2018-12-17 წიგნი